| 000 | 00518nam a22001817a 4500 | ||
|---|---|---|---|
| 003 | CEME | ||
| 005 | 20210628201658.0 | ||
| 008 | 210215b xxu||||| |||| 00| 0 eng d | ||
| 020 | _a0-471-10945-2 | ||
| 040 | _c. | ||
| 082 | _a553.701 SIN | ||
| 100 |
_aSingh, Vijay P _940322 |
||
| 245 | _aKinematic wave modeling in water resources surface water hydrology | ||
| 260 |
_aNEW YORK _bJOHN WILEY _c1996 |
||
| 300 | _aXIX,1397P | ||
| 650 |
_aHYDROLOGIC MODELS WATER WAVE-MATHEMATICAL MODELS _956321 |
||
| 942 |
_cBK _2ddc |
||
| 999 |
_c566773 _d566773 |
||